Selekcjonerzy reprezentacji Argentyny - nagła śmierć - Statystyki

Ogólne statystyki
  • Ten quiz został rozwiązany 36 razy
  • Średni wynik to 4 z 6
Answers on the Grid
Answers color-coded by a green-red scale on the quiz's grid according to % correct below.
Lionel Scaloni
José Mourinho
Jorge Sampaoli
Diego Simeone
Gerardo Martino
Diego Maradona
Carlo Ancelotti
Marcelo Bielsa
Luiz Felipe Scolari
Mauricio Pochettino
Alejandro Sabella
Ralf Rangnick
 
Statystyki odpowiedzi
Odpowiedź % Poprawnych
Lionel Scaloni
94%
Diego Maradona
74%
Marcelo Bielsa
74%
Jorge Sampaoli
71%
Gerardo Martino
68%
Alejandro Sabella
65%
Nie znaleziono quizów pasujących do podanych kryteriów
Rozkład punktacji
Procent ludzi z każdym wynikiem
Percentyl według liczby udzielonych odpowiedzi
Twoja historia wyników
Nie rozwiązałeś tego quizu